Statistics for Top 10 Countries That Are Best At Sports

Click here to take the quiz!

General Stats

  • This quiz has been taken 398 times
  • The average score is 6 of 10

Answer Stats

RankAnswer% Correct
2United States
99%
1China
88%
6United Kingdom
85%
3Russia
83%
5Germany
81%
10Japan
80%
4South Korea
50%
9Jamaica
23%
7Cuba
16%
8Hungary
12%

Score Distribution

Percentile by Number Answered

Percent of People with Each Score

Your Score History

You have not taken this quiz